| 000 | 00662nam a22001937a 4500 | ||
|---|---|---|---|
| 001 | 34210 | ||
| 003 | BD-RjUL | ||
| 005 | 20211209052125.0 | ||
| 008 | 140514s1978 bg |||| |||| 000 0 eng d | ||
| 035 | _a(BD-RjUL)34304 | ||
| 040 |
_aBD-RjUL _beng _cBD-RjUL |
||
| 041 | _aeng | ||
| 082 | 0 | 4 |
_a363.96 _bSUR V-2 1978 |
| 245 |
_aSurver of Health MCH and Family Planning Infrastructure in Bangladesh / _nVolume 2 : _pPopulation Control and Planing Division Ministry of Health and population Control Government of the Peoples of Bangladesh |
||
| 260 |
_aDhaka : _bWari, _c1978. |
||
| 300 |
_a635 p. ; _c17/29 cm. |
||
| 650 |
_aFamily Planning _9104001 |
||
| 942 |
_2ddc _cBK |
||
| 999 |
_c34210 _d34210 |
||